Sepupuku suamiku
| Main Author: | |
|---|---|
| Format: | Book |
| Published: |
Kuala Lumpur :
Kaki Novel Enterprise ,
2010
|
| Subjects: |
MARC
| LEADER | 00000cam a2200000 7i4500 | ||
|---|---|---|---|
| 001 | 0000140809 | ||
| 005 | 20100713.0 | ||
| 020 | |a 9675067389 | ||
| 020 | |a 9789675067389 | ||
| 090 | 0 | 0 | |a F |b LYN |
| 100 | 0 | |a Lynn Allyna | |
| 245 | 1 | 0 | |a Sepupuku suamiku |c Lynn Allyna |
| 260 | |a Kuala Lumpur : |b Kaki Novel Enterprise , |c 2010 | ||
| 300 | |a 542p. ; |c 18cm. | ||
| 650 | 0 | 0 | |a Malay fiction |
| 999 | |a 00236005 |b BUKU |c PINJAMAN |e PERPUSTAKAAN KOMUNITI PETALING JAYA | ||